00872nam a2200241Ia 4500003000400000005001700004008004100021020001800062040001800080041000800098082002100106100002500127245004900152250001100201260003900212300002700251650004200278650003700320650003600357942003000393999001900423952018800442OSt20240503161032.0210716s2010 xx 000 0 und d a9789380200125 cAIMIT LIBRARY aeng a374.22 21bLAMA aLamba, Anil.9163103 aRomancing the balance sheet /cBy Anil Lamba a1st ed aNew Delhi :bNetwork Press ,c2010 aviii,223p ;bPBc23 cm aManaging your finances better9163104 aGetting your basic right9163105 aMaximizing your profits9163106 2ddccBKe1stk374.22 LAMA c207711d207711 00102ddc40708MBAaAIMITbAIMITd2012-11-27g699.00iBill no:1009; Bill dt:2012-11-23l1o374.22 LAMApMBA10277q2025-09-03r2025-08-04 11:15:47s2025-08-04v573.18w2021-07-16yBK